Asprastya ka swaroop evam parinam: ek samajshastriya adhyayan (Record no. 10861)
[ view plain ]
| 000 -LEADER | |
|---|---|
| fixed length control field | 00343nam a2200133Ia 4500 |
| 082 ## - DEWEY DECIMAL CLASSIFICATION NUMBER | |
| Classification number | TS.1055 |
| 100 ## - MAIN ENTRY--AUTHOR NAME | |
| Personal name | Sharma, Manoj Kumar |
| 245 #0 - TITLE STATEMENT | |
| Title | Asprastya ka swaroop evam parinam: ek samajshastriya adhyayan |
| 250 ## - EDITION STATEMENT | |
| Edition statement | Barakatullah Vishwav |
| 260 ## - PUBLICATION, DISTRIBUTION, ETC. (IMPRINT) | |
| Year of publication | 2008 |
| 300 ## - PHYSICAL DESCRIPTION | |
| Number of Pages | 176 |
| 942 ## - ADDED ENTRY ELEMENTS (KOHA) | |
| Koha item type | Thesis |
| Withdrawn status | Lost status | Damaged status | Not for loan | Home library | Current library | Date acquired | Source of acquisition | Bill Date | Full call number | Accession Number | Price effective from | Koha item type |
|---|---|---|---|---|---|---|---|---|---|---|---|---|
| NASSDOC Library | NASSDOC Library | 01/06/2011 | AUTH | 2011-04-25 | TS.1055 | 47230 | 18/04/2019 | Thesis |
